000 00470nam a2200169 i 4500
001 58035
003 ES-MaACL
005 20230906163719.0
007 t|
008 031020s1969 sp ||||1| spa d
100 1 _aDunne, Desmond.
_946060
245 1 3 _aEl yoga en 12 lecciones /
_cDesmond Dunne.
260 _aBarcelona :
_bDe Vecchi,
_c[1969]
300 _a376 p., 36 lám. ;
_c22 cm.
740 3 _aEl yoga en doce lecciones.
852 _aES-MaACL
_jC-38855
_bR.71763
999 _c58035
_d58035